000 00324nam a22001457a 4500
008 210225b ||||| |||| 00| 0 eng d
020 _a9781600345906
041 _aeng
080 _a658
082 _a658
100 _a54
101 _aLID
245 _aCross-Cultural Leadership
_cAo,L.M & Penley,D.R
942 _2udc
_cBK
999 _c55231
_d55231